1940 1581 1509 1050 1742 1475 1379 1928 1145 1803 1531 1051 1293 1657 1707 1271 1800 1170 1280 1716 1478 1491 1921 1287 1964 1883 1357 1604 1360 1258 1927 1714 1381 1034 1105 1683 1942 1441 1593 1928 1819 1051 1746 1827 1916 1173 1614 1568 1771 1655 1352 1459 1512 1154 1628 1661 1894 1622 1367 1745 1533 1124 1804 1140 1294 1450 1134 1939 1809 1751 1176 1883 1124 1708 1954 1776 1369 1633 1593 1748 1570 1533 1107 1349 1566 1353 1512 1811 1742 1129 1972 1181 1805 1514 1588 1284 1460 1862 1289 BCNSPRNW ULIB Ver.6.0+V

เปลี่ยนเป็นภาษาไทย

Change to English
 แสดงรายละเอียดบรรณานุกรม
  กลับหน้าหลัก

Brief Record : Get Marc (ISO 2709) : E-mail record : QR code < ปิดหน้าต่าง
LEADER : 00000nam 2200000uu 4500
001    13399126707
003     ULIB
008    190215s2561||||th 000 0 tha d
020    ^a9786164682894
060    ^aWP480^bม211
100    ^aจิตติ หาญประเสริฐพงษ์,^eบรรณาธิการ
245    ^aมะเร็งปากมดลูก = ^bCervical cancer
260    ^aกรุงเทพฯ :^bสหมิตรพัฒนาการพิมพ์,^c2561
300    ^a352 หน้า :^bภาพประกอบ ;^c26 ซม.
650    ^aปากมดลูก^xมะเร็ง
710    ^aมหาวิทยาลัยสงขลานครินทร์. คณะแพทยศาสตร์
945    ^p550^l0^i005305
945    ^p550^l0^i005304
945    ^p550^l0^i005303
999    ^aประนอม เกษจรัล
รายการนี้ยังไม่มีแท็ก
คุณยังไม่ได้ล็อกอิน คุณสามารถมีกิจกรรมร่วมกับเว็บไซต์ได้ แต่ต้องล็อกอินก่อน ::
  ล็อกอิน

รายการสื่อสารสนเทศ

ลำดับที่ ประเภท เลขเรียก/บาร์โค้ด สถานที่ สถานะ
1. วิทยาศาสตร์การแพทย์ และสุขภาพ
หนังสือสำรอง
สถานะ=หนังสือสำรอง
WP480 ม211 ฉ.1 
  Barcode: 005303
ห้องสมุดวิทยาเขตสวรรค์ประชารักษ์
►หนังสือทั่วไป
ถูกยืม กำหนดส่งวันที่ 13 สิงหาคม 2566
  จอง
2. วิทยาศาสตร์การแพทย์ และสุขภาพ
วิทยาศาสตร์การแพทย์ และสุขภาพ
WP480 ม211 ฉ.2 
  Barcode: 005304
ห้องสมุดวิทยาเขตสวรรค์ประชารักษ์
►หนังสือทั่วไป
บนชั้น
3. วิทยาศาสตร์การแพทย์ และสุขภาพ
วิทยาศาสตร์การแพทย์ และสุขภาพ
WP480 ม211 ฉ.3 
  Barcode: 005305
ห้องสมุดวิทยาเขตสวรรค์ประชารักษ์
►หนังสือทั่วไป
บนชั้น

BibComment


ยังไม่เคยถูกคอมเมนท์

คอมเมนท์ทรัพยากรรายการนี้
  คอมเมนท์: มะเร็งปากมดลูก ..


 Copyright 2026. Bcnsprnw @Library